Statistics for Cameroon... or Chad?

Click here to take the quiz!

General Stats

  • This quiz has been taken 16 times
  • The average score is 9 of 15

Answer Stats

QuestionAnswer% Correct
Has a star on its flag?Cameroon
87%
Has French as an official language?Both
80%
Gets more rainfall?Cameroon
73%
Has Arabic as an official language?Chad
73%
Has a higher population?Cameroon
67%
Its capital city contains an apostrophe.Chad
67%
Has a higher fertility rate?Chad
67%
Drives on the right side of the road?Both
60%
Has a higher average elevation?Cameroon
60%
Its capital is its largest city, metro area wise?Chad
60%
Over half of its population consists of Muslims?Chad
60%
Uses the Naira as its currency?Neither
60%
Borders Nigeria?Both
53%
Football is its most popular sport.Both
47%
Uses the Parliament as its legislature?Cameroon
13%

Score Distribution

Percentile by Number Answered

Percent of People with Each Score

Your Score History

You have not taken this quiz